000 00323 a2200157 4500
001 194916
040 _cMagnum
100 _aGOMES, Naiana
240 1 0 _aO sítio da alegria
_lpor
245 1 0 _aO sítio da alegria
300 _a15
362 0 _a2010
440 1 _aSEDUC
697 _aLITERATURA INFANTIL
942 _cBK
999 _c194916
_d194916